All resources in Slime Rancher 1 and 2 - Statistics

General Stats
  • This quiz has been taken 7 times
  • The average score is 22 of 29
Answer Stats
Slime Rancher Locations Resource % Correct
2 Grey Labirynth Aqua Glass
100%
1 and 2 Anywhere(Slime Rancher 1)/Ember Valley/Starlight Strand Buzz Wax
100%
1 and 2 The Dry Reef/Rainbow Fields/Conservatory Deep Brine
100%
1 and 2 Anywhere(Slime Rancher 1)/Rainbow Fields/Conservatory Jellystone
100%
1 and 2 Anywhere(Slime Rancher 1)/Ember Valley Lava Dust
100%
2 Grey Labirynth Magma Comb
100%
2 Powderfall Bluffs Perfect Snowflake
100%
1 and 2 Anywhere(Slime Rancher 1)/Ember Valley Primordy Oil
100%
1 and 2 The Glass Desert/Ember Valley/Starlight Strand Silky Sand
100%
1 and 2 Anywhere(Slime Rancher 1)/Powderfall Bluffs Slime Fossil
100%
2 Lightning Strikes Storm Glass
100%
2 Grey Labirynth Tin Petal
100%
2 Grey Labirynth Black Indigonium
67%
2 Grey Labirynth Dream Bubble
67%
2 Cyclones Drift Crystal
67%
1 The Ancient Ruins Echo
67%
1 The Glass Desert Glass Shard
67%
1 Anywhere Hexacomb
67%
1 The Indigo Quarry Indigonium
67%
2 Lightning Strikes Lightning Mote
67%
2 Ember Valley/Starlight Strand Radiant Ore
67%
1 and 2 Grey Labirynth Royal Jelly
67%
1 and 2 Anywhere Strange Diamond
67%
2 Powderfall Bluffs Sun Sap
67%
1 and 2 The Moss Blanket/Starlight Strand Wild Honey
67%
1 Viktor's Workshop Manifold Cube
33%
1 The Glass Desert Pepper Jam
33%
1 Anywhere Spiral Steam
33%
2 Grey Labirynth Prisma Plort
0%
No matching quizzes found
Score Distribution
Percent of People with Each Score
Percentile by Number Answered
Your Score History
You have not taken this quiz